Al-Insaan (Record no. 4420)

MARC details
000 -LEADER
fixed length control field 00563nam a2200241 a 4500
020 ## - INTERNATIONAL STANDARD BOOK NUMBER
ISBN
082 00 - DEWEY DECIMAL CLASSIFICATION NUMBER
Classification number 297.4
Author Cutter MAH2
100 ## - MAIN ENTRY--AUTHOR NAME
Author name Mahajir, Abdul Azeez
245 ## - TITLE STATEMENT
Title Al-Insaan
260 ## - PUBLICATION, DISTRIBUTION, ETC. (IMPRINT)
Place of publication Hyderabad
Name of publisher Shamsi Press
Year of publication 1897
300 ## - PHYSICAL DESCRIPTION
Number of Pages 218p
500 ## - GENERAL NOTE
General note includes index and biblioraphy
505 2# - FORMATTED CONTENTS NOTE
Formatted contents note archives
650 ## - SUBJECT ADDED ENTRY--TOPICAL TERM
Topical Term Sufism-Tract
942 ## - ADDED ENTRY ELEMENTS (KOHA)
Koha item type Books
700 1# -
-- Mahajir, Abdul Azeez
Holdings
Home library Current library Date acquired Cost, normal purchase price Full call number Accession Number Koha item type
Henry Martyn Institute Library Henry Martyn Institute Library 09/18/2007 100.00 297.4 MAH2 06905 E-Books
                   Copyright © 2026 | Henry Martyn Institute | Hyderabad | TS-500052 | INDIA | Implemented by hmi.edu.in
Hit-Count:

Powered by Koha